00000000nam 2200000zi 4500
0019.947161
003CaOODSP
00520250324131007
006m     o  d f      
007cr b||||||||||
008250120e199109##onc     ob   f000 0 fre d
040 |aCaOODSP|bfre|erda|cCaOODSP
043 |an-cn---
0861 |aCo24-3/10-4-1991F-PDF
24503|aUn examen des fonctions d'évaluation et de vérification.
264 1|a[Ottawa] : |bGouvernement du Canada, Ministère des Communications, Division de l'évaluation des programmes, |cseptembre 1991.
300 |a1 ressource en ligne (1 volume (pagination multiple)).
336 |atexte|btxt|2rdacontent/fre
337 |ainformatique|bc|2rdamedia/fre
338 |aressource en ligne|bcr|2rdacarrier/fre
4901 |aÉtude spéciale
4900 |aDivision de l'evaluation des programmes du Ministère des Communications
500 |aÉdition numérisée de l'imprimé [par Innovation, Sciences et Développement économique Canada].
500 |aPublié aussi en anglais sous le titre : Review of the evaluation and audit functions.
500 |aComprend du texte en anglais.
504 |aComprend des références bibliographiques.
61010|aCanada. |bMinistère des communications. |bDivision de l'évaluation des programmes.
7101 |aCanada. |bMinistère des communications, |eorganisme de publication.
7101 |aCanada. |bMinistère des communications. |bDivision de l'évaluation des programmes, |eorganisme de publication.
77508|tReview of the evaluation and audit functions.|w(CaOODSP)9.939841
830#0|aÉtude spéciale (Canada. Communications Canada. Direction générale des examens ministériels)|w(CaOODSP)9.939895
85640|qPDF|s1.01 Mo|uhttps://publications.gc.ca/collections/collection_2025/isde-ised/co24/Co24-3-10-4-1991-fra.pdf